| 000 | 00343nam a22001217a 4500 | ||
|---|---|---|---|
| 020 | _a9780070617889 | ||
| 082 |
_222 _a620.5 |
||
| 100 | _aPradeep, T. | ||
| 245 |
_aNano: _bThe essentials, understanding nanoscience and nanotechnology / |
||
| 260 |
_aNew Delhi, _bMcGraw Hill, _cc2011. |
||
| 300 |
_axvii, 444p. ; _bill. ; _c24 cm. |
||
| 942 |
_2ddc _cEE _02 |
||
| 999 |
_c586 _d586 |
||